[Event "BEL-chT 1718"]
[Site "Belgium"]
[Date "2018.02.25"]
[Round "7.6"]
[White "Jakubiec, Artur"]
[Black "Donovan, Linton"]
[Result "1-0"]
[WhiteElo "2502"]
[BlackElo "2239"]
[PlyCount "95"]
[EventDate "2017.09.24"]
[EventType "team-tourn"]
[EventRounds "11"]
[EventCountry "BEL"]
[SourceTitle "EXT 2019"]
[Source "ChessBase"]
[SourceDate "2018.10.10"]
[SourceVersion "1"]
[SourceVersionDate "2018.10.10"]
[SourceQuality "1"]
[WhiteTeam "Wirtzfeld"]
[BlackTeam "KBSK Brugge"]
[WhiteTeamCountry "BEL"]
[BlackTeamCountry "BEL"]

1. f4 d5 2. Nf3 c5 3. g3 Nc6 4. Bg2 Nf6 5. d3 Bf5 6. 0-0 e6 7. Nc3 Be7 8. Nh4 h6 9. Nxf5 exf5 10. e4 dxe4 11. dxe4 fxe4 12. Nxe4 Qd4+ 13. Qxd4 cxd4 14. Nxf6+ Bxf6 15. Re1+ Kd7 16. Bd2 Kd6 17. Rad1 Rhe8 18. Kf1 Kc5 19. a3 Rxe1+ 20. Bxe1 Rd8 21. Be4 b6 22. b4+ Kd6 23. c4 Ne7 24. Ke2 g5 25. Kd3 gxf4 26. gxf4 Rg8 27. Bf2 Ke6 28. Re1 Nf5 29. Bd5+ Kd7 30. Bxf7 Rg2 31. Be6+ Kd8 32. Re2 Ne3 33. Be1 Rxe2 34. Kxe2 Nc2 35. Bf2 Nxa3 36. Kd3 Ke7 37. f5 a5 38. bxa5 bxa5 39. Be1 Kd6 40. Bxa5 Kc5 41. Bd2 h5 42. Bh6 Nb1 43. Bf8+ Kc6 44. Bd5+ Kb6 45. c5+ Kc7 46. Bd6+ Kd7 47. Bf4 Nc3 48. c6+ 1-0

[Event "BEL-chT 1617"]
[Site "Belgium"]
[Date "2017.03.26"]
[Round "10.8"]
[White "Huesmann, Thomas"]
[Black "Donovan, Linton"]
[Result "1-0"]
[WhiteElo "2258"]
[BlackElo "2278"]
[PlyCount "89"]
[EventDate "2016.10.02"]
[EventType "team-tourn"]
[EventRounds "11"]
[EventCountry "BEL"]
[SourceTitle "EXT 2018"]
[Source "ChessBase"]
[SourceDate "2017.10.13"]
[SourceVersion "1"]
[SourceVersionDate "2017.10.13"]
[SourceQuality "1"]
[WhiteTeam "KSK Rochade"]
[BlackTeam "KBSK Brugge"]
[WhiteTeamCountry "BEL"]
[BlackTeamCountry "BEL"]

1. e4 c5 2. Nf3 Nc6 3. c3 e6 4. d4 d5 5. e5 Bd7 6. Bd3 f6 7. Nh4 g6 8. exf6 Nxf6 9. dxc5 Ne4 10. Nf3 Nxc5 11. Bc2 Bg7 12. Be3 b6 13. 0-0 Ne7 14. Bd4 0-0 15. Bxg7 Kxg7 16. Re1 Nf5 17. Ne5 Bb5 18. a4 Ba6 19. Nd2 Nd7 20. Ndf3 Nxe5 21. Nxe5 Qg5 22. Nf3 Qf6 23. Bxf5 Qxf5 24. Qd4+ Kg8 25. Re5 Qf6 26. Rae1 Rae8 27. Qe3 Bc8 28. a5 Qf4 29. Qxf4 Rxf4 30. axb6 axb6 31. Rxd5 Bb7 32. Rd4 Rf5 33. Ne5 Ra8 34. f4 g5 35. fxg5 Rxg5 36. Rg4 Rxg4 37. Nxg4 Kf7 38. Ne5+ Ke7 39. Rd1 Bc8 40. Rd4 Ra1+ 41. Kf2 Rc1 42. Rb4 Rc2+ 43. Kg3 Ba6 44. Nc6+ Kf7 45. Rf4+ 1-0

[Event "BEL-chT 1617"]
[Site "Belgium"]
[Date "2017.03.12"]
[Round "9.6"]
[White "Donovan, Linton"]
[Black "Schoppen, Casper"]
[Result "0-1"]
[WhiteElo "2278"]
[BlackElo "2304"]
[PlyCount "104"]
[EventDate "2016.10.02"]
[EventType "team-tourn"]
[EventRounds "11"]
[EventCountry "BEL"]
[SourceTitle "EXT 2018"]
[Source "ChessBase"]
[SourceDate "2017.10.13"]
[SourceVersion "1"]
[SourceVersionDate "2017.10.13"]
[SourceQuality "1"]
[WhiteTeam "KBSK Brugge"]
[BlackTeam "KGSRL"]
[WhiteTeamCountry "BEL"]
[BlackTeamCountry "BEL"]

1. e4 c5 2. Nf3 Nc6 3. d4 cxd4 4. Nxd4 Nf6 5. Nc3 e5 6. Ndb5 d6 7. Bg5 a6 8. Na3 b5 9. Nd5 Be7 10. Bxf6 Bxf6 11. c3 Bg5 12. Qf3 Ne7 13. Nxe7 Qxe7 14. Nc2 0-0 15. Ne3 Bxe3 16. Qxe3 f5 17. exf5 Bb7 18. f3 Rxf5 19. 0-0-0 Raf8 20. Bd3 Rf4 21. Bc2 b4 22. cxb4 Rxb4 23. Qd3 e4 24. Qxd6 Qxd6 25. Rxd6 exf3 26. gxf3 Bxf3 27. Re1 Rh4 28. Bb3+ Kh8 29. Rxa6 Rxh2 30. a4 h5 31. Bd1 Bxd1 32. Rxd1 Rc8+ 33. Kb1 Rb8 34. a5 Rbxb2+ 35. Ka1 Ra2+ 36. Kb1 Rhb2+ 37. Kc1 Rc2+ 38. Kb1 Rcb2+ 39. Kc1 Rb5 40. Rd7 Rc5+ 41. Kb1 Raxa5 42. Rg6 Rab5+ 43. Ka2 Rb8 44. Ra7 Rg8 45. Kb3 Kh7 46. Rb6 Rf8 47. Rb4 Rf3+ 48. Ka4 Kh6 49. Rd4 g6 50. Kb4 Rc1 51. Re7 Rf6 52. Rdd7 Rb6+ 0-1

[Event "BEL-chT 1516"]
[Site "Belgium"]
[Date "2016.02.21"]
[Round "7.7"]
[White "Donovan, Linton"]
[Black "Schoppen, Casper"]
[Result "1/2-1/2"]
[WhiteElo "2260"]
[BlackElo "2220"]
[PlyCount "115"]
[EventDate "2015.09.27"]
[EventType "team-tourn"]
[EventRounds "11"]
[EventCountry "BEL"]
[SourceTitle "CBM 170 Extra"]
[Source "ChessBase"]
[SourceDate "2016.02.25"]
[SourceVersion "1"]
[SourceVersionDate "2016.02.25"]
[SourceQuality "1"]
[WhiteTeam "KBSK Brugge"]
[BlackTeam "KGSRL"]
[WhiteTeamCountry "BEL"]
[BlackTeamCountry "BEL"]

1. e4 e5 2. Bc4 Nf6 3. d3 c6 4. Bb3 d5 5. Nf3 Bd6 6. exd5 Nxd5 7. 0-0 0-0 8. Re1 Re8 9. Bg5 Qc7 10. c4 Ne7 11. Nc3 Ng6 12. d4 Na6 13. Nxe5 Nxe5 14. dxe5 Rxe5 15. Ne4 Bf5 16. Qxd6 Rxe4 17. Qxc7 Nxc7 18. Rxe4 Bxe4 19. Rd1 Ne6 20. Be3 Nf8 21. f3 Bf5 22. Kf2 Be6 23. Rd3 Nd7 24. c5 Ne5 25. Rd6 Bxb3 26. axb3 Kf8 27. Bd4 Re8 28. Bc3 f6 29. f4 Ng4+ 30. Kg3 Ne3 31. Rd7 Re7 32. Rxe7 Kxe7 33. Kf3 Nd5 34. Ke4 Kd7 35. g4 b5 36. cxb6 axb6 37. h4 g6 38. f5 g5 39. hxg5 fxg5 40. Bg7 Ke7 41. Ke5 Ne3 42. Bf6+ Kd7 43. Bxg5 Nxg4+ 44. Kf4 Nf2 45. Ke5 Ng4+ 46. Kf4 Nf2 47. Bh4 Nd3+ 48. Kg5 Ke7 49. Kh6+ Kf7 50. Kxh7 Nxb2 51. Bd8 b5 52. Kh6 Nd3 53. Kg5 Nc5 54. b4 Nd3 55. Ba5 Kg7 56. f6+ Kf7 57. Kf5 c5 58. bxc5 1/2-1/2

[Event "EU-Cup 31st"]
[Site "Skopje"]
[Date "2015.10.20"]
[Round "3.6"]
[White "Donovan, Linton"]
[Black "Persson, Mats"]
[Result "1/2-1/2"]
[WhiteElo "2270"]
[BlackElo "2267"]
[PlyCount "54"]
[EventDate "2015.10.18"]
[EventType "team-swiss"]
[EventRounds "7"]
[EventCountry "MKD"]
[SourceTitle "CBM 169"]
[Source "ChessBase"]
[SourceDate "2015.11.10"]
[SourceVersion "1"]
[SourceVersionDate "2015.11.10"]
[SourceQuality "1"]
[WhiteTeam "Bruges"]
[BlackTeam "Oslo Schakselskap"]
[WhiteTeamCountry "BEL"]
[BlackTeamCountry "NOR"]

1. e4 c5 2. Nf3 e6 3. d4 cxd4 4. Nxd4 a6 5. Nc3 Qc7 6. Bd3 Nc6 7. Nxc6 bxc6 8. 0-0 d5 9. Qe2 Nf6 10. Bg5 Be7 11. f4 Bb7 12. e5 Bc5+ 13. Kh1 Nd7 14. Bh4 g6 15. Na4 Be7 16. Bxe7 Kxe7 17. Qf2 Qa5 18. b3 c5 19. c4 d4 20. Rac1 Ke8 21. Rc2 Rg8 22. Qh4 Nf8 23. Qe1 Qxe1 24. Rxe1 Nd7 25. Be4 Rb8 26. Bxb7 Rxb7 27. g4 Ke7 1/2-1/2

[Event "Vlissingen HZ op 19th"]
[Site "Vlissingen"]
[Date "2015.08.05"]
[Round "6"]
[White "Donovan, Linton"]
[Black "Zepeda, Lorena"]
[Result "1-0"]
[WhiteElo "2276"]
[BlackElo "2121"]
[PlyCount "87"]
[EventDate "2015.08.01"]
[EventType "swiss"]
[EventRounds "9"]
[EventCountry "NED"]
[SourceTitle "CBM 167 Extra"]
[Source "ChessBase"]
[SourceDate "2015.09.14"]
[SourceVersion "1"]
[SourceVersionDate "2015.09.14"]
[SourceQuality "1"]

1. e4 c5 2. Nf3 d6 3. d4 cxd4 4. Nxd4 Nf6 5. Nc3 a6 6. Be3 e5 7. Nb3 Be6 8. f3 Be7 9. Qd2 0-0 10. 0-0-0 Nbd7 11. g4 b5 12. Rg1 Rc8 13. Kb1 Nb6 14. Qf2 Nfd7 15. Nd5 Bxd5 16. exd5 Nc4 17. Bc1 Bh4 18. Qg2 Bg5 19. Bxg5 Qxg5 20. Bd3 Ndb6 21. Nd2 Nxd2+ 22. Rxd2 Qf4 23. g5 g6 24. Be4 Nc4 25. Re2 h6 26. gxh6 Qxh6 27. Qf2 Rb8 28. Qa7 Ra8 29. Qe7 Rae8 30. Qf6 Qg7 31. Qh4 f5 32. Reg2 Rf6 33. Bxf5 Nd2+ 34. Rxd2 Rxf5 35. Rdg2 Rxf3 36. Rxg6 Rf1+ 37. Rxf1 Qxg6 38. Qf2 Kh7 39. Rg1 Rf8 40. Qh4+ Qh6 41. Qg4 Qf6 42. b3 e4 43. Qxe4+ Kh8 44. Qg4 1-0

[Event "Vlissingen HZ op 19th"]
[Site "Vlissingen"]
[Date "2015.08.02"]
[Round "2"]
[White "Donovan, Linton"]
[Black "Riksen, John"]
[Result "1-0"]
[WhiteElo "2276"]
[BlackElo "1983"]
[PlyCount "101"]
[EventDate "2015.08.01"]
[EventType "swiss"]
[EventRounds "9"]
[EventCountry "NED"]
[SourceTitle "CBM 167 Extra"]
[Source "ChessBase"]
[SourceDate "2015.09.14"]
[SourceVersion "1"]
[SourceVersionDate "2015.09.14"]
[SourceQuality "1"]

1. e4 c5 2. Nf3 d6 3. d4 cxd4 4. Nxd4 Nf6 5. Nc3 a6 6. Be3 e5 7. Nb3 Be6 8. f3 Be7 9. Qd2 0-0 10. 0-0-0 Qc7 11. g4 Nbd7 12. g5 Nh5 13. Nd5 Bxd5 14. exd5 a5 15. Kb1 a4 16. Nc1 a3 17. b3 g6 18. Ne2 Nc5 19. Nc3 f5 20. Nb5 Qc8 21. Qb4 Na6 22. Qa5 Qd7 23. Nxa3 f4 24. Bc1 Bxg5 25. Bb5 Qd8 26. Nc4 Qxa5 27. Nxa5 Nc5 28. Nc4 Rad8 29. a4 e4 30. b4 Na6 31. fxe4 Be7 32. c3 Nf6 33. e5 Ne4 34. Bxa6 bxa6 35. Kc2 Nf2 36. exd6 Bxd6 37. Nxd6 Nxh1 38. Rxh1 Rxd6 39. c4 f3 40. Be3 Re8 41. Kd3 Rd7 42. Rf1 Rb7 43. b5 axb5 44. axb5 Rf8 45. b6 Rf5 46. d6 Kf7 47. c5 Rd7 48. Ke4 Ke6 49. c6 Rxd6 50. b7 Rb5 51. c7 1-0

[Event "BEL-chT 1415"]
[Site "Belgium"]
[Date "2015.02.08"]
[Round "8.8"]
[White "Hammes, Michael"]
[Black "Donovan, Linton"]
[Result "1-0"]
[WhiteElo "2337"]
[BlackElo "2238"]
[PlyCount "93"]
[EventDate "2014.09.28"]
[EventType "team-swiss"]
[EventRounds "11"]
[EventCountry "BEL"]
[SourceTitle "EXT 2016"]
[Source "ChessBase"]
[SourceDate "2015.10.08"]
[SourceVersion "1"]
[SourceVersionDate "2015.10.08"]
[SourceQuality "1"]
[WhiteTeam "Eynatten"]
[BlackTeam "KBSK Brugge"]
[WhiteTeamCountry "BEL"]
[BlackTeamCountry "BEL"]

1. d4 d5 2. Nf3 e6 3. c4 c5 4. cxd5 exd5 5. g3 Nc6 6. Bg2 Nf6 7. 0-0 Be7 8. b3 0-0 9. Bb2 Ne4 10. dxc5 Bxc5 11. Nc3 Be6 12. e3 Re8 13. Ne2 Bg4 14. h3 Be6 15. Nfd4 Rc8 16. Rc1 Qe7 17. Nf4 Nxd4 18. Bxd4 a6 19. Nxe6 fxe6 20. Bxe4 dxe4 21. Bxc5 Rxc5 22. Qd4 Rf5 23. Qxe4 Ref8 24. Rc2 Qf7 25. f4 Rd5 26. Rcf2 h6 27. Kg2 b5 28. g4 Re8 29. Kg3 Qc7 30. Rc2 Qd6 31. Rfc1 Rd2 32. Rc8 Rxc8 33. Rxc8+ Kf7 34. Rc6 Qd7 35. Rxa6 Rd5 36. h4 Rd6 37. Rxd6 Qxd6 38. Qb7+ Kf6 39. Qxb5 Qd2 40. g5+ hxg5 41. hxg5+ Kf7 42. Kf3 Qxa2 43. Qd7+ Kg6 44. Qxe6+ Kh7 45. Qf5+ g6 46. Qf7+ Kh8 47. Qf8+ 1-0

[Event "BEL-chT 1415"]
[Site "Belgium"]
[Date "2014.11.30"]
[Round "5.7"]
[White "Uhoda, Philippe"]
[Black "Donovan, Linton"]
[Result "0-1"]
[WhiteElo "2144"]
[BlackElo "2238"]
[PlyCount "68"]
[EventDate "2014.09.28"]
[EventType "team-swiss"]
[EventRounds "11"]
[EventCountry "BEL"]
[SourceTitle "EXT 2016"]
[Source "ChessBase"]
[SourceDate "2015.10.08"]
[SourceVersion "1"]
[SourceVersionDate "2015.10.08"]
[SourceQuality "1"]
[WhiteTeam "Namur"]
[BlackTeam "KBSK Brugge"]
[WhiteTeamCountry "BEL"]
[BlackTeamCountry "BEL"]

1. d4 d5 2. c4 e6 3. Nc3 c5 4. cxd5 exd5 5. Nf3 Nc6 6. g3 Nf6 7. Bg2 Be7 8. 0-0 0-0 9. Bg5 h6 10. Be3 cxd4 11. Nxd4 Bg4 12. Rc1 Qd7 13. Qa4 Rfe8 14. Nxc6 bxc6 15. Rfd1 Nh7 16. Qa5 Bd8 17. Qa3 Bg5 18. Bxg5 Nxg5 19. f3 Bh3 20. f4 Bxg2 21. fxg5 Bh3 22. gxh6 Qe6 23. Qc5 Qxh6 24. Qf2 Re6 25. Rc2 Qg6 26. Rcc1 Rae8 27. Re1 a6 28. Na4 Rf6 29. Qd4 Re4 30. Qd1 Qf5 31. Rf1 Bxf1 32. Qxf1 Qxf1+ 33. Rxf1 Rxf1+ 34. Kxf1 Rxa4 0-1

[Event "Cappelle op 30th"]
[Site "Cappelle la Grande"]
[Date "2014.03.06"]
[Round "7"]
[White "Donovan, Linton"]
[Black "Alloui Cros, Baptiste"]
[Result "1-0"]
[WhiteElo "2233"]
[BlackElo "1934"]
[PlyCount "37"]
[EventDate "2014.03.01"]
[EventType "swiss"]
[EventRounds "9"]
[EventCountry "FRA"]
[SourceTitle "CBM 159 Extra"]
[Source "ChessBase"]
[SourceDate "2014.04.24"]
[SourceVersion "1"]
[SourceVersionDate "2014.04.24"]
[SourceQuality "1"]

1. e4 Nf6 2. e5 Nd5 3. d4 d6 4. Bc4 Nb6 5. Bb3 dxe5 6. Qf3 e6 7. dxe5 a5 8. c3 Nc6 9. Qg3 a4 10. Bc2 Qd5 11. Nf3 Nc4 12. 0-0 N4xe5 13. Nxe5 Qxe5 14. Bf4 Qf6 15. Nd2 Bd6 16. Bxd6 cxd6 17. Ne4 Qe5 18. f4 Qa5 19. Qxg7 1-0

[Event "BEL-chT 1314"]
[Site "Belgium"]
[Date "2014.01.26"]
[Round "8.6"]
[White "Alienkin, Aleksander"]
[Black "Donovan, Linton"]
[Result "1-0"]
[WhiteElo "2387"]
[BlackElo "2261"]
[PlyCount "107"]
[EventDate "2013.09.22"]
[EventType "team-tourn"]
[EventRounds "11"]
[EventCountry "BEL"]
[SourceTitle "EXT 2015"]
[Source "ChessBase"]
[SourceDate "2014.11.20"]
[SourceVersion "1"]
[SourceVersionDate "2014.11.20"]
[SourceQuality "1"]
[WhiteTeam "Liege Crelel"]
[BlackTeam "KBSK Brugge"]
[WhiteTeamCountry "BEL"]
[BlackTeamCountry "BEL"]

1. e4 e6 2. d4 d5 3. Nd2 Be7 4. Bd3 c5 5. dxc5 Nf6 6. Qe2 Nc6 7. Ngf3 0-0 8. 0-0 Bxc5 9. e5 Nd7 10. Nb3 Be7 11. c3 f6 12. exf6 Nxf6 13. Nbd4 Qd6 14. h3 Bd8 15. Re1 Bb6 16. Be3 Nxd4 17. Bxd4 Bd7 18. Bxb6 Qxb6 19. Ne5 Kh8 20. Rad1 a6 21. Bb1 Bb5 22. Qd2 Rad8 23. Re3 Kg8 24. Rf3 Qc7 25. Qd4 Be2 26. Re1 Bxf3 27. Nxf3 Rde8 28. Ne5 g6 29. Re3 Qg7 30. Rg3 Ne4 31. Bxe4 dxe4 32. Qxe4 Rf5 33. Nc4 Qc7 34. Rg4 Kh8 35. Ne3 Re5 36. Qf3 Qg7 37. Rf4 Kg8 38. Kh2 b5 39. Qc6 Rf8 40. Rd4 h5 41. Rd7 Qf6 42. Rd2 a5 43. Qb6 a4 44. a3 Qe7 45. Qd4 Rc5 46. Kg1 Kh7 47. Qe4 Rf7 48. Qb4 Qc7 49. Qd4 Qe5 50. Qd8 Rcc7 51. Qb8 Rc5 52. Qe8 Qf6 53. Qb8 Rf8 54. Qa7+ 1-0

[Event "BEL-chT 1314"]
[Site "Belgium"]
[Date "2014.01.12"]
[Round "7.6"]
[White "Donovan, Linton"]
[Black "Schuermans, Robert"]
[Result "0-1"]
[WhiteElo "2261"]
[BlackElo "2173"]
[PlyCount "86"]
[EventDate "2013.09.22"]
[EventType "team-tourn"]
[EventRounds "11"]
[EventCountry "BEL"]
[SourceTitle "EXT 2015"]
[Source "ChessBase"]
[SourceDate "2014.11.20"]
[SourceVersion "1"]
[SourceVersionDate "2014.11.20"]
[SourceQuality "1"]
[WhiteTeam "KBSK Brugge"]
[BlackTeam "Deurne"]
[WhiteTeamCountry "BEL"]
[BlackTeamCountry "BEL"]

1. e4 e5 2. Bc4 f5 3. d3 Nf6 4. Nc3 Bb4 5. Nge2 fxe4 6. dxe4 d6 7. Qd3 Nbd7 8. a3 Nc5 9. Qg3 Bxc3+ 10. Nxc3 Qe7 11. f3 Be6 12. Bxe6 Nxe6 13. Be3 0-0 14. 0-0-0 a6 15. Rhe1 Qf7 16. Nd5 Nxd5 17. exd5 Nf4 18. Bxf4 Qxf4+ 19. Kb1 Qxg3 20. hxg3 Rf6 21. Re4 Raf8 22. Rb4 b6 23. Rc4 R8f7 24. Rd3 Rg6 25. g4 h5 26. gxh5 Rxg2 27. Rdc3 Rg1+ 28. Ka2 Rf1 29. Rxc7 R1xf3 30. Rxf7 Rxf7 31. Kb3 Re7 32. Rg3 e4 33. Re3 Kh7 34. c4 Kh6 35. Kc3 Kxh5 36. Kd4 Kg5 37. Rxe4 Rxe4+ 38. Kxe4 Kf6 39. b4 g5 40. a4 g4 41. Kf4 g3 42. Kxg3 Ke5 43. Kg4 a5 0-1

[Event "BEL-chT 1314"]
[Site "Belgium"]
[Date "2013.12.15"]
[Round "6.6"]
[White "Ahn, Martin"]
[Black "Donovan, Linton"]
[Result "0-1"]
[WhiteElo "2273"]
[BlackElo "2261"]
[PlyCount "102"]
[EventDate "2013.09.22"]
[EventType "team-tourn"]
[EventRounds "11"]
[EventCountry "BEL"]
[SourceTitle "EXT 2015"]
[Source "ChessBase"]
[SourceDate "2014.11.20"]
[SourceVersion "1"]
[SourceVersionDate "2014.11.20"]
[SourceQuality "1"]
[WhiteTeam "KSK Rochade"]
[BlackTeam "KBSK Brugge"]
[WhiteTeamCountry "BEL"]
[BlackTeamCountry "BEL"]

1. e4 e6 2. d4 d5 3. Nc3 Bb4 4. e5 c5 5. a3 Ba5 6. b4 cxd4 7. Qg4 Ne7 8. bxa5 dxc3 9. Qxg7 Rg8 10. Qxh7 Nbc6 11. f4 Qxa5 12. Nf3 Bd7 13. Rb1 0-0-0 14. Qd3 d4 15. g3 a6 16. Qc4 Be8 17. a4 Qd5 18. Kf2 Nf5 19. Bd3 Qxc4 20. Bxc4 Na5 21. Bd3 Bxa4 22. Ra1 b5 23. Ng5 Nh6 24. Ne4 Nc6 25. Nc5 Nb4 26. Nxa4 Nxd3+ 27. cxd3 bxa4 28. Rxa4 Kb7 29. Ba3 Rd5 30. Rb1+ Rb5 31. Rxb5+ axb5 32. Rxd4 Ra8 33. Bc1 Ra1 34. Be3 c2 35. Bd2 c1Q 36. Bxc1 Rxc1 37. h3 Rb1 38. g4 Kc7 39. Kg2 b4 40. Rc4+ Kd7 41. d4 b3 42. d5 exd5 43. Rc5 b2 44. Rxd5+ Kc6 45. Rd2 Rg1+ 46. Kxg1 b1Q+ 47. Kh2 Qe1 48. Rd6+ Kc5 49. Rf6 Kd4 50. g5 Ke3 51. e6 Kf2 0-1

[Event "BEL-chT 1314"]
[Site "Belgium"]
[Date "2013.12.01"]
[Round "5.5"]
[White "Van der Stricht, Geert"]
[Black "Donovan, Linton"]
[Result "1-0"]
[WhiteElo "2371"]
[BlackElo "2261"]
[PlyCount "179"]
[EventDate "2013.09.22"]
[EventType "team-tourn"]
[EventRounds "11"]
[EventCountry "BEL"]
[SourceTitle "EXT 2015"]
[Source "ChessBase"]
[SourceDate "2014.11.20"]
[SourceVersion "1"]
[SourceVersionDate "2014.11.20"]
[SourceQuality "1"]
[WhiteTeam "KGSRL"]
[BlackTeam "KBSK Brugge"]
[WhiteTeamCountry "BEL"]
[BlackTeamCountry "BEL"]

1. d4 e6 2. c4 d5 3. Nf3 c5 4. cxd5 exd5 5. g3 Nc6 6. Bg2 Nf6 7. 0-0 Be7 8. Be3 cxd4 9. Nxd4 0-0 10. Nc3 Bg4 11. h3 Be6 12. Rc1 Qd7 13. Kh2 Rac8 14. Nxc6 bxc6 15. Na4 Qb7 16. b3 Qa6 17. Qd3 Qxd3 18. exd3 Rc7 19. Rc2 Rfc8 20. Bc5 Kf8 21. Rfc1 Nd7 22. Bf1 Nxc5 23. Nxc5 Bxc5 24. Rxc5 Ke7 25. d4 Kd6 26. b4 Rb8 27. a3 Bd7 28. Bd3 Be8 29. g4 g6 30. g5 Re7 31. Ra5 Rbb7 32. Kg3 Bd7 33. Ra6 Be8 34. h4 Rb6 35. Ra5 Rbb7 36. Rac5 Rb6 37. h5 Bd7 38. Kf4 Rb7 39. f3 Rb6 40. Ra5 Be8 41. h6 Rbb7 42. Ba6 Rb8 43. Bf1 Rbb7 44. Ra6 Rb6 45. Rxb6 axb6 46. a4 Ra7 47. Ra1 c5 48. dxc5+ bxc5 49. bxc5+ Kxc5 50. a5 d4 51. Ke5 Re7+ 52. Kf6 Ra7 53. a6 Bc6 54. Rc1+ Kd6 55. Rc4 Kd5 56. Rb4 Kc5 57. Rb8 Bxf3 58. Bd3 Bg4 59. Rb7 Ra8 60. Rb5+ Kd6 61. Ra5 Bf5 62. Bc4 Be4 63. Re5 Bc6 64. Bd3 Ra7 65. Ra5 Bf3 66. Ra4 Kd5 67. Ra1 Bg4 68. Ra5+ Kd6 69. Be4 Be6 70. Bb7 Bc4 71. Ra1 d3 72. Kg7 Ke5 73. Kxh7 d2 74. Kg7 Bxa6 75. h7 Bxb7 76. Rxa7 d1Q 77. h8Q Bd5 78. Kf8+ Kf5 79. Qf6+ Kg4 80. Qe5 Qf3 81. Ra4+ Kh5 82. Rf4 Qa3+ 83. Kg7 Qh3 84. Rf2 Bf3 85. Rh2 Bg4 86. Rxh3+ Bxh3 87. Qf4 Bg4 88. Kxf7 Bf5 89. Kf6 Bg4 90. Qh2+ 1-0

[Event "BEL-chT 1314"]
[Site "Belgium"]
[Date "2013.10.13"]
[Round "3.4"]
[White "Donovan, Linton"]
[Black "Buscher, Michael"]
[Result "0-1"]
[WhiteElo "2261"]
[BlackElo "2336"]
[PlyCount "108"]
[EventDate "2013.09.22"]
[EventType "team-tourn"]
[EventRounds "11"]
[EventCountry "BEL"]
[SourceTitle "CBM 156 Extra"]
[Source "ChessBase"]
[SourceDate "2013.10.22"]
[SourceVersion "1"]
[SourceVersionDate "2013.10.22"]
[SourceQuality "1"]
[WhiteTeam "KBSK Brugge"]
[BlackTeam "Amay"]
[WhiteTeamCountry "BEL"]
[BlackTeamCountry "BEL"]

1. e4 c5 2. Nf3 Nc6 3. d4 cxd4 4. Nxd4 Nf6 5. Nc3 d6 6. Bg5 e6 7. Qd2 a6 8. 0-0-0 Bd7 9. f3 Be7 10. h4 b5 11. Kb1 Rc8 12. g4 Ne5 13. Bd3 Nxd3 14. cxd3 g6 15. Rc1 h5 16. gxh5 Nxh5 17. Nce2 f6 18. Be3 Kf7 19. f4 f5 20. Rxc8 Qxc8 21. exf5 gxf5 22. Rc1 Qb7 23. Nb3 Rc8 24. Ned4 Rxc1+ 25. Qxc1 Nf6 26. Na5 Qc8 27. Nac6 Bf8 28. Bd2 Nd5 29. Ba5 Bxc6 30. Nxc6 Ke8 31. Nb4 Qxc1+ 32. Kxc1 Nxf4 33. Kc2 Be7 34. Nxa6 Kd7 35. Bd2 Nh5 36. Bg5 Bf8 37. a3 Bg7 38. Nb4 f4 39. Na2 Bd4 40. Nc3 f3 41. Ne4 f2 42. Nd2 Ng3 43. h5 f1Q 44. Nxf1 Nxf1 45. h6 Ne3+ 46. Kb3 Nd5 47. Bc1 Ke8 48. a4 bxa4+ 49. Kxa4 Kf7 50. b4 Kg6 51. Kb5 Bc3 52. Kc6 Bxb4 53. Kd7 e5 54. Ke6 Nf4+ 0-1

[Event "Cappelle op 29th"]
[Site "Cappelle la Grande"]
[Date "2013.02.25"]
[Round "3"]
[White "Janev, Evgeni"]
[Black "Donovan, Linton"]
[Result "1/2-1/2"]
[WhiteElo "2469"]
[BlackElo "2246"]
[PlyCount "140"]
[EventDate "2013.02.23"]
[EventType "swiss"]
[EventRounds "9"]
[EventCountry "FRA"]
[SourceTitle "CBM 153 Extra"]
[Source "ChessBase"]
[SourceDate "2013.04.22"]
[SourceVersion "1"]
[SourceVersionDate "2013.04.22"]
[SourceQuality "1"]

1. e4 e6 2. d4 d5 3. Nd2 Be7 4. Ngf3 Nf6 5. Bd3 c5 6. exd5 exd5 7. dxc5 Bxc5 8. 0-0 0-0 9. Nb3 Bb6 10. Nfd4 Nc6 11. c3 Bg4 12. f3 Bh5 13. Be3 Re8 14. Re1 Bg6 15. Bxg6 hxg6 16. Bf2 Qd7 17. Qc2 Ne5 18. Rad1 Rad8 19. Nc1 Nh5 20. Ndb3 Bxf2+ 21. Qxf2 b6 22. Nd4 g5 23. Nd3 Nxd3 24. Rxd3 Nf4 25. Rde3 Kf8 26. h4 gxh4 27. Qxh4 Ng6 28. Qg3 Rxe3 29. Rxe3 Re8 30. Rxe8+ Qxe8 31. Qd6+ Kg8 32. Kf2 Qe5 33. Qxe5 Nxe5 34. Nb5 a5 35. b3 Nc6 36. Ke3 Kf8 37. Nc7 d4+ 38. cxd4 Nb4 39. a4 Nc2+ 40. Ke4 Na1 41. Nd5 Nxb3 42. Nxb6 Ke7 43. Nc4 Ke6 44. Ne3 g6 45. Kd3 f5 46. Kc4 Nc1 47. Nc2 Kd6 48. Na3 Ne2 49. Nb5+ Kc6 50. Nc3 Nf4 51. g3 Nh5 52. Ne2 g5 53. Kc3 Kd5 54. Kd3 Kd6 55. Kc4 Kc6 56. d5+ Kd6 57. Kd4 g4 58. f4 Nf6 59. Nc3 Nh5 60. Nb5+ Kd7 61. Ke5 Nxg3 62. Nd4 Ne4 63. Nxf5 g3 64. Ne3 Nc5 65. f5 Nxa4 66. f6 Nb6 67. d6 g2 68. Nxg2 Nc4+ 69. Kd5 Nxd6 70. Ne3 Ne8 1/2-1/2

[Event "Cappelle op 29th"]
[Site "Cappelle la Grande"]
[Date "2013.02.23"]
[Round "1"]
[White "Abergel, Thal"]
[Black "Donovan, Linton"]
[Result "1-0"]
[WhiteElo "2445"]
[BlackElo "2246"]
[PlyCount "73"]
[EventDate "2013.02.23"]
[EventType "swiss"]
[EventRounds "9"]
[EventCountry "FRA"]
[SourceTitle "CBM 153 Extra"]
[Source "ChessBase"]
[SourceDate "2013.04.22"]
[SourceVersion "1"]
[SourceVersionDate "2013.04.22"]
[SourceQuality "1"]

1. d4 d5 2. Nf3 Nf6 3. e3 c5 4. dxc5 e6 5. c4 Bxc5 6. Nc3 Nc6 7. a3 0-0 8. b4 Be7 9. Bb2 dxc4 10. Bxc4 b6 11. Qe2 Bb7 12. 0-0 Rc8 13. Nb5 Nd5 14. Rfd1 Bf6 15. Bxd5 exd5 16. Bxf6 Qxf6 17. Nbd4 Ne7 18. Rac1 Rfd8 19. Qd3 h6 20. Rc2 Rxc2 21. Qxc2 Rc8 22. Qa4 Nc6 23. h3 g6 24. Rc1 Nxd4 25. Rxc8+ Bxc8 26. Nxd4 Qe7 27. Qc6 Bb7 28. Qc3 Qd7 29. h4 Qc8 30. Qb2 h5 31. a4 Qg4 32. Qc1 Qc8 33. Qa3 a6 34. a5 b5 35. Qb2 Qc4 36. Qd2 Kf8 37. Nf3 1-0

[Event "BEL-chT 1112"]
[Site "Belgium"]
[Date "2011.11.06"]
[Round "3.4"]
[White "Donovan, Linton"]
[Black "Fiebig, Thomas"]
[Result "0-1"]
[WhiteElo "2262"]
[BlackElo "2417"]
[PlyCount "50"]
[EventDate "2011.10.09"]
[EventType "team-tourn"]
[EventRounds "11"]
[EventCountry "BEL"]
[SourceTitle "EXT 2012"]
[Source "ChessBase"]
[SourceDate "2011.11.24"]
[SourceVersion "1"]
[SourceVersionDate "2011.11.24"]
[SourceQuality "1"]
[WhiteTeam "Bruges"]
[BlackTeam "Eupen Rochade"]
[WhiteTeamCountry "BEL"]
[BlackTeamCountry "BEL"]

1. e4 e6 2. d4 d5 3. Nc3 Nf6 4. Bg5 Bb4 5. e5 h6 6. Be3 Ne4 7. Qg4 Kf8 8. Nge2 c5 9. 0-0-0 Nxc3 10. Nxc3 Bxc3 11. bxc3 c4 12. Be2 Nc6 13. h4 Bd7 14. Qf4 b5 15. Bh5 Be8 16. Rh3 Qa5 17. Rf3 Ke7 18. Kd2 b4 19. Qg4 g6 20. Qf4 Kd7 21. Qf6 Rh7 22. Bg4 Qxa2 23. Ke1 Qxc2 24. cxb4 Rb8 25. Rc1 Qb2 0-1